Chiens : A quel groupe appartient cette race ? 1 - Statistiques

Statistiques générales
  • Ce quiz a été pris 95 fois
  • Le résultat moyen est 14 sur 30
Statistiques - réponses
Question Réponse % Correct
Malinois Chiens de berger et bouviers
92%
Jack Russell Terriers
83%
Akita Inu Chiens de type spitz
75%
Fox du Pays-de-Galles Terriers
75%
Cavalier king Charles Chiens d'agrément
71%
Dobermann Pinshers, chiens de montagne et Schnauzers
71%
Briard Chiens de berger et bouviers
67%
Boxer Pinshers, chiens de montagne et Schnauzers
67%
Epagneul pékinois Chiens d'agrément
63%
Tervueren Chiens de berger et bouviers
63%
Colley Barbu Chiens de berger et bouviers
63%
Cane Corso Pinshers, chiens de montagne et Schnauzers
63%
Airedale Terriers
63%
Bichon frisé Chiens d'agrément
58%
Chihuahua Chiens d'agrément
58%
Yorkshire Terriers
50%
Westie Terriers
50%
Basenji Chiens de type spitz
46%
Saint-Bernard Pinshers, chiens de montagne et Schnauzers
46%
Chien d'élan norvégien Chiens de type spitz
29%
Shar-Peï Pinshers, chiens de montagne et Schnauzers
29%
Corgie gallois Chiens de berger et bouviers
25%
Groënlandais Chiens de type spitz
25%
Elkhound Chiens de type spitz
21%
Tosa Inu Pinshers, chiens de montagne et Schnauzers
17%
Labrit Chiens de berger et bouviers
13%
Lapphound Chiens de type spitz
13%
Chien de Bohémien Terriers
4%
Boston terrier Chiens d'agrément
0%
Phalène Chiens de berger et bouviers
0%
Aucun quiz correspondant
Distribution des résultats
% des personnes avec chaque résultat
Percentile par nombre de réponses
Votre historique - résultats
Vous n’avez pas pris ce quiz